A HIV prevenció növelésére irányuló marketing aktivitások

Bibliographic Details
Main Author: Kulcsár Nikolett
Other Authors: Totth Dr. Gedeon
Format: Thesis
Kulcsszavak:HIV
Egészségügy
Online marketing
Marketing
Online Access:http://dolgozattar.uni-bge.hu/19673

MARC

LEADER 00000nta a2200000 i 4500
001 dolg19673
005 20200421050651.0
008 181215suuuu hu om 000 hun d
040 |a BGE Dolgozattár Repozitórium  |b hun 
041 |a hu 
100 1 |a Kulcsár Nikolett 
245 1 2 |a A HIV prevenció növelésére irányuló marketing aktivitások  |c Kulcsár Nikolett  |h [elektronikus dokumentum] 
695 |a HIV 
695 |a Egészségügy 
695 |a Online marketing 
695 |a Marketing 
700 1 |a Totth Dr. Gedeon  |e ths 
856 4 0 |u http://dolgozattar.uni-bge.hu/19673/1/dr_Kulcsar_Nikolett_szakdolgozat_2018.pdf  |z Dokumentum-elérés 
856 4 0 |u http://dolgozattar.uni-bge.hu/19673/7/Dr.Kulcs%C3%A1r%20Nikolett_Bizalmas.pdf  |z Dokumentum-elérés